00342nam a2200133 a 45000010010000000030011000100080041000210350026000620820015000881000016001032450025001192600053001446500011001970000-9000ELIB.Books110520 2001  a(ELIB.Books)0000-9149 aB.Th bEdw aEdward, Saw aTrue Joy in the Lord bInsein: Karen Baptist Theolgical Seminary c2001 aThesis